[Event "Barcelona La Lira op 12th"]
[Site "Barcelona"]
[Date "2019.05.30"]
[Round "8"]
[White "Porta Chicote, David"]
[Black "Romero Gamez, Francisco Javier"]
[Result "1-0"]
[WhiteElo "1401"]
[BlackElo "1498"]
[PlyCount "75"]
[EventDate "2019.04.04"]
[EventType "swiss"]
[EventRounds "9"]
[EventCountry "ESP"]
[SourceTitle "CBM 190 Extra"]
[Source "ChessBase"]
[SourceDate "2019.07.15"]
[SourceVersion "1"]
[SourceVersionDate "2019.07.15"]
[SourceQuality "1"]

1. e4 c5 2. b3 Nc6 3. Bb2 d6 4. d3 Nf6 5. Nf3 e5 6. Be2 Be7 7. 0-0 0-0 8. Nbd2 Be6 9. c3 Qc7 10. Qc2 Rad8 11. d4 Bg4 12. Nc4 b5 13. Ne3 Bxf3 14. Bxf3 a6 15. Rad1 Qb6 16. Nd5 Nxd5 17. exd5 Nb8 18. dxe5 dxe5 19. c4 Bd6 20. cxb5 axb5 21. a4 bxa4 22. bxa4 Nd7 23. Rb1 Qa7 24. Bc3 f5 25. a5 Rb8 26. Be2 Rxb1 27. Rxb1 Rb8 28. Rxb8+ Qxb8 29. Qxf5 Qc7 30. Qe6+ Kf8 31. Bb5 Nf6 32. Bc6 Be7 33. g3 h6 34. a6 Qa7 35. Bb7 e4 36. d6 Bd8 37. Bxf6 gxf6 38. d7 1-0

[Event "Barcelona La Lira op 12th"]
[Site "Barcelona"]
[Date "2019.04.11"]
[Round "2"]
[White "Romero Gamez, Francisco Javier"]
[Black "Salvo Garcia, Roger"]
[Result "0-1"]
[WhiteElo "1498"]
[BlackElo "2061"]
[PlyCount "66"]
[EventDate "2019.04.04"]
[EventType "swiss"]
[EventRounds "9"]
[EventCountry "ESP"]
[SourceTitle "CBM 190 Extra"]
[Source "ChessBase"]
[SourceDate "2019.07.15"]
[SourceVersion "1"]
[SourceVersionDate "2019.07.15"]
[SourceQuality "1"]

1. e4 e5 2. Nf3 Nc6 3. Bb5 a6 4. Ba4 Nf6 5. d3 d6 6. h3 g6 7. c3 Bg7 8. 0-0 0-0 9. Re1 Re8 10. Nbd2 b5 11. Bc2 h6 12. Nf1 d5 13. exd5 Nxd5 14. Ng3 Be6 15. Be3 f5 16. Bd2 Qd6 17. Qc1 Kh7 18. h4 Nf6 19. Ne2 Rad8 20. d4 e4 21. Bf4 Qe7 22. Ne5 Nxe5 23. Bxe5 Ng4 24. Bxg7 Qxh4 25. Be5 Qxf2+ 26. Kh1 Ne3 27. Nf4 Nxc2 28. Re2 Qh4+ 29. Kg1 Nxa1 30. Re3 Bf7 31. Rh3 Qg5 32. Qxa1 Rxe5 33. dxe5 Qxf4 0-1

[Event "Foment Martinenc op-B 20th"]
[Site "Barcelona"]
[Date "2018.06.16"]
[Round "9"]
[White "Serrano Batova, Vicent"]
[Black "Romero Gamez, Francisco Javier"]
[Result "1-0"]
[WhiteElo "1593"]
[BlackElo "1542"]
[PlyCount "57"]
[EventDate "2018.04.21"]
[EventType "swiss"]
[EventRounds "9"]
[EventCountry "ESP"]
[SourceTitle "CBM 184 Extra"]
[Source "ChessBase"]
[SourceDate "2018.06.28"]
[SourceVersion "1"]
[SourceVersionDate "2018.06.28"]
[SourceQuality "1"]

1. d4 Nf6 2. Nf3 g6 3. c4 Bg7 4. Nc3 0-0 5. Bg5 d6 6. e3 Nbd7 7. Be2 c5 8. Qc2 Qc7 9. 0-0 a6 10. Rfd1 Nb6 11. b3 Bf5 12. Qd2 Rad8 13. Rac1 e5 14. h3 Rde8 15. dxe5 dxe5 16. Qd6 Qxd6 17. Rxd6 Nbd7 18. Rcd1 h6 19. Bxf6 Nxf6 20. Na4 Ne4 21. Rb6 Re7 22. g4 Be6 23. Ne1 Rc8 24. Bf3 f5 25. Bxe4 fxe4 26. Nc3 Kf7 27. Nxe4 Rd7 28. Rxd7+ Bxd7 29. Nd6+ 1-0

[Event "Barcelona Ideal Clave op 21st"]
[Site "Barcelona"]
[Date "2017.11.25"]
[Round "8"]
[White "Romero Gamez, Francisco Javier"]
[Black "Rojas Nunez, Alberto"]
[Result "1-0"]
[WhiteElo "1548"]
[BlackElo "1276"]
[PlyCount "39"]
[EventDate "2017.09.30"]
[EventType "swiss"]
[EventRounds "8"]
[EventCountry "ESP"]
[SourceTitle "CBM 181 Extra"]
[Source "ChessBase"]
[SourceDate "2017.12.12"]
[SourceVersion "1"]
[SourceVersionDate "2017.12.12"]
[SourceQuality "1"]

1. e4 e5 2. Nf3 Nc6 3. Bb5 a6 4. Ba4 Nf6 5. d3 b5 6. Bb3 d5 7. exd5 Nxd5 8. Qe2 Qd6 9. d4 f6 10. 0-0 Be7 11. dxe5 Nxe5 12. Nxe5 fxe5 13. Nd2 Nf4 14. Qe4 c6 15. a4 b4 16. Nc4 Qc7 17. Nxe5 Ne6 18. Bxe6 Bxe6 19. Nxc6 Bf7 20. Nxe7 1-0

[Event "Foment Martinenc op-C 19st"]
[Site "Barcelona"]
[Date "2017.05.27"]
[Round "6.11"]
[White "Romero Gamez, Francisco Javier"]
[Black "Sottana, Matteo1111"]
[Result "0-1"]
[WhiteElo "1808"]
[BlackElo "1729"]
[PlyCount "58"]
[EventDate "2017.04.22"]
[EventType "swiss"]
[EventRounds "9"]
[EventCountry "ESP"]
[SourceTitle "EXT 2024"]
[Source "ChessBase"]
[SourceDate "2023.10.10"]
[SourceVersion "1"]
[SourceVersionDate "2023.10.10"]
[SourceQuality "1"]

1. e4 c5 2. Nf3 d6 3. d4 cxd4 4. Nxd4 Nf6 5. Nc3 a6 6. Bg5 e6 7. f4 Be7 8. Qf3 0-0 9. 0-0-0 Qc7 10. g4 Nbd7 11. h4 b5 12. Bxf6 Bxf6 13. g5 Bxd4 14. Rxd4 Qc5 15. Rd2 Bb7 16. h5 f5 17. Bd3 b4 18. Ne2 Qa5 19. Nd4 Qxa2 20. Rdh2 Nc5 21. Qh3 Nxd3+ 22. cxd3 Rac8+ 23. Kd2 Qxb2+ 24. Ke3 Qc3 25. Nxe6 Bxe4 26. Kf2 Bxh1 27. Nxf8 Qd2+ 28. Kg3 Qe1+ 29. Rf2 Qg1+ 0-1

[Event "Barcelona Sant Marti op-B 18th"]
[Site "Barcelona"]
[Date "2016.07.21"]
[Round "9.41"]
[White "Santolaria Pena, Manel"]
[Black "Romero Gamez, Francisco Javier"]
[Result "1-0"]
[WhiteElo "1846"]
[BlackElo "1649"]
[PlyCount "55"]
[EventDate "2016.07.13"]
[EventType "swiss"]
[EventRounds "9"]
[EventCountry "ESP"]
[SourceTitle "EXT 2024"]
[Source "ChessBase"]
[SourceDate "2023.10.10"]
[SourceVersion "1"]
[SourceVersionDate "2023.10.10"]
[SourceQuality "1"]

1. d4 Nf6 2. Bf4 g6 3. f3 Bg7 4. e4 d6 5. Qd2 0-0 6. Bh6 Re8 7. Bxg7 Kxg7 8. Nc3 e5 9. d5 a5 10. h4 b6 11. g4 Ba6 12. Bxa6 Nxa6 13. h5 Ng8 14. hxg6 fxg6 15. 0-0-0 Qf6 16. Kb1 Reb8 17. g5 Qf4 18. Qg2 Rf8 19. Nce2 Qe3 20. Rd3 Qc5 21. Qh3 Rf7 22. Qxh7+ Kf8 23. Qxg6 Nb4 24. Rc3 Qf2 25. Rh7 Rxh7 26. Qxh7 Qf1+ 27. Nc1 Qxg1 28. Rxc7 1-0

[Event "Barcelona Sant Marti op-B 18th"]
[Site "Barcelona"]
[Date "2016.07.14"]
[Round "2.61"]
[White "Romero Gamez, Francisco Javier"]
[Black "Bernat Mor, Juli"]
[Result "1-0"]
[WhiteElo "1649"]
[BlackElo "1239"]
[PlyCount "123"]
[EventDate "2016.07.13"]
[EventType "swiss"]
[EventRounds "9"]
[EventCountry "ESP"]
[SourceTitle "EXT 2024"]
[Source "ChessBase"]
[SourceDate "2023.10.10"]
[SourceVersion "1"]
[SourceVersionDate "2023.10.10"]
[SourceQuality "1"]

1. e4 c6 2. d4 d5 3. Nc3 dxe4 4. Nxe4 Bf5 5. Ng3 Bg6 6. Nf3 Nd7 7. h4 h6 8. h5 Bh7 9. Bd3 Bxd3 10. Qxd3 e6 11. Bd2 Ngf6 12. 0-0-0 Qc7 13. Bc3 0-0-0 14. Rhe1 Be7 15. Qc4 Nb6 16. Qb3 Nbd5 17. Ne5 Rhf8 18. Nc4 Nxc3 19. Qxc3 Nd5 20. Qb3 b5 21. Ne5 a5 22. Ne4 a4 23. Qh3 Kb7 24. Nc5+ Bxc5 25. dxc5 Ra8 26. Rd4 Qa5 27. Nd3 a3 28. b4 Qd8 29. Qf3 Qf6 30. Qxf6 gxf6 31. f4 Nc3 32. Rd7+ Kc8 33. Rd6 Nxa2+ 34. Kd2 Kc7 35. Ra1 Nxb4 36. Nxb4 Rfd8 37. Rxd8 Kxd8 38. Nxc6+ Kc7 39. Nb4 Ra4 40. c3 e5 41. fxe5 fxe5 42. Ke3 f5 43. Ra2 Ra8 44. g3 Kb7 45. Nc2 Rc8 46. Rxa3 Rxc5 47. Nb4 Rc4 48. Rb3 Rg4 49. Kf2 Kb6 50. Nd3 e4 51. Nf4 Kc6 52. Rb4 Rg8 53. c4 bxc4 54. Rxc4+ Kb5 55. Rc7 Re8 56. Rh7 e3+ 57. Kf3 Kc4 58. Rxh6 Kc3 59. Re6 Rg8 60. Rxe3+ Kd4 61. Re6 Ra8 62. Rd6+ 1-0

[Event "Foment Martinenc op-A 18th"]
[Site "Barcelona"]
[Date "2016.05.21"]
[Round "5"]
[White "Romero Gamez, Francisco Javier"]
[Black "Aguadero Casado, Jorge Ignacio"]
[Result "0-1"]
[WhiteElo "1669"]
[BlackElo "1663"]
[PlyCount "76"]
[EventDate "2016.04.23"]
[EventType "swiss"]
[EventRounds "9"]
[EventCountry "ESP"]
[SourceTitle "EXT 2017"]
[Source "ChessBase"]
[SourceDate "2016.10.25"]
[SourceVersion "1"]
[SourceVersionDate "2016.10.25"]
[SourceQuality "1"]

1. e4 c6 2. d4 d5 3. Nc3 dxe4 4. Nxe4 Bf5 5. Ng3 Bg6 6. Nf3 Nf6 7. h4 h6 8. h5 Bh7 9. Bd3 Bxd3 10. Qxd3 e6 11. Bf4 Be7 12. 0-0-0 0-0 13. Be5 Nbd7 14. Bxf6 Nxf6 15. Ne5 Nd7 16. f4 Nxe5 17. fxe5 Qd5 18. Kb1 c5 19. c4 Qxd4 20. Qe2 Qf4 21. Rd3 Rfd8 22. Rf3 Qd2 23. Qe4 Qxg2 24. Rhf1 Rd4 25. Qxb7 Rad8 26. Qb3 f5 27. R3f2 Qc6 28. Ne2 Qe4+ 29. Ka1 Rd3 30. Nc3 Qxe5 31. Qc2 Bf6 32. Re2 Qd6 33. a3 Bxc3 34. bxc3 Kf7 35. Kb1 Qa6 36. Qb3 R8d7 37. Ka2 Rb7 38. Qc2 Qxc4+ 0-1